Tình hình nhiễm giun sán ký sinh ở gà thả vườn, hiệu quả tẩy trừ của mebendazole và praziquantel tại 3 quận huyện thuộc thành phố Cần Thơ : Luận văn thạc sĩ. Chuyên ngành: Thú y
Xác định thành phần loài giun sán ký sinh, tỷ lệ nhiễm, cường độ nhiễm ở các lứa tuổi khác nhau. Thử nghiệm thuốc Mebendazole và Praziquantel trong tẩy trừ giun sán gà thả vườn.
Enregistré dans:
| Auteur principal: | |
|---|---|
| Format: | Livre |
| Langue: | Undetermined |
| Publié: |
Cần Thơ
Trường Đại học Cần Thơ
2010
|
| Sujets: | |
| Tags: |
Ajouter un tag
Pas de tags, Soyez le premier à ajouter un tag!
|
| Thư viện lưu trữ: | Trung tâm Học liệu Trường Đại học Cần Thơ |
|---|
| LEADER | 01253nam a2200229Ia 4500 | ||
|---|---|---|---|
| 001 | CTU_163065 | ||
| 008 | 210402s9999 xx 000 0 und d | ||
| 082 | |a 636.0896963 | ||
| 082 | |b Nh550 | ||
| 088 | |a 60640101 | ||
| 100 | |a Đoàn, Huỳnh Như | ||
| 245 | 0 | |a Tình hình nhiễm giun sán ký sinh ở gà thả vườn, hiệu quả tẩy trừ của mebendazole và praziquantel tại 3 quận huyện thuộc thành phố Cần Thơ : | |
| 245 | 0 | |b Luận văn thạc sĩ. Chuyên ngành: Thú y | |
| 245 | 0 | |c Đoàn Huỳnh Như; Trần Thị Phận, Nguyễn Hữu Hưng (hướng dẫn khoa học) | |
| 260 | |a Cần Thơ | ||
| 260 | |b Trường Đại học Cần Thơ | ||
| 260 | |c 2010 | ||
| 520 | |a Xác định thành phần loài giun sán ký sinh, tỷ lệ nhiễm, cường độ nhiễm ở các lứa tuổi khác nhau. Thử nghiệm thuốc Mebendazole và Praziquantel trong tẩy trừ giun sán gà thả vườn. | ||
| 650 | |a Chickens,Domestic animals,Con gà,Động vật nuôi | ||
| 650 | |x Parasites,Ký sinh trùng | ||
| 904 | |i Năm | ||
| 980 | |a Trung tâm Học liệu Trường Đại học Cần Thơ | ||